| 000 | 00610nam a2200229Ia 4500 | ||
|---|---|---|---|
| 003 | OSt | ||
| 005 | 20221007063240.0 | ||
| 006 | a|||||r|||| 00| 0 | ||
| 007 | ta | ||
| 008 | 221006b |||||||| |||| 00| 0 eng d | ||
| 024 | _a16,515 | ||
| 037 | _cTextual | ||
| 040 |
_aFLL _cFLL _beng |
||
| 041 |
_2eng _aeng |
||
| 082 | _aY:7.7.2.N6, L7 | ||
| 100 | _aKrishnaswamy K.S. Ed. | ||
| 245 | 0 | _aSociety and change | |
| 260 |
_aBombay _bOxford university press India _c1977 |
||
| 300 |
_a327p _ccm. |
||
| 942 |
_hY:7.7.2.N6, L7 _cTEXL _2CC |
||
| 999 |
_c1130795 _d1130795 |
||